000 00690nam a2200265Ia 4500
005 20260121170439.0
008 008 260114s9999 xx 000 0 eng d
020 _a9783662558805
037 _aEBOOK
040 _aCRL
040 _beng
040 _cCRL
041 _2eng
041 _aeng
084 _qCRL
100 _aAdam L. Halberstadt, Franz X. Vollenweider, David E. Nichols
_91063994
245 0 _aBehavioral Neurobiology of Psychedelic Drugs
260 _bSpringer
260 _bSpringer
260 _c2018
856 _uhttps://link.springer.com/openurl?genre=book&isbn=978-3-662-55880-5
942 _cEBOOK
999 _c1629723
_d1629723